Herkules i Dawid z rodu Jagiellonów

Bibliographic Details
Main Author: Boczkowska, Anna (Author)
Format: Book
Language:Polish
PhysicalDescription:419 s. 29 cm
Published: Warszawa Zamek Królewski cop. 1993
ISBN:8370220274
Subjects:

MARC

LEADER 00000nam a2200000 a 4500
001 vtls001182574
003 SK-MaSNL
005 20260302064909.0
008 240318s1993 pl ac 00100dpol
020 |a 8370220274 
035 |a SNK000125616 
040 |a SNK  |b slo  |c SNK  |e AACR2 
044 |a pl  |a PL 
080 |a 726.82(438-21)"13/14"(084.12)  |2 1981 
100 1 |a Boczkowska, Anna  |4 aut  |9 727611 
245 1 0 |a Herkules i Dawid z rodu Jagiellonów  |c Anna Boczkowska 
260 |a Warszawa  |b Zamek Królewski  |c cop. 1993 
300 |a 419 s.  |c 29 cm 
600 1 |a Vladislav.  |b II. Jagiełło,  |c poľský kráľ a litovské veľkoknieža,  |d asi 1351-1434  |2 SNK  |9 177311 
600 0 |a Kazimír ll. Jagellovský  |d 1427-1492  |2 SNKMA  |9 727612 
600 1 |a Stoß, Veit,  |d 1447-1533  |2 SNKMA  |9 164939 
650 0 7 |a náhrobné kamene  |2 SNKPH  |9 50274 
650 0 7 |a texty a fotografie  |2 SNKPH  |9 82166 
655 7 |a monografie  |2 SNKPH  |9 70139 
919 |a 83-7022-027-4 
999 |c 1139613  |d 1141543 
952 |t P60, <04>, [BOOK], {604}  |a SNK  |b SNK  |y VYP  |7 0  |p 17A0001822  |o snkIB 69477  |i snkV 177/96  |0 0  |1 0  |4 0  |d 1996-03-25  |l 0  |r 2005-01-01 00:00:00  |w 2026-02-24